000 00569nam a2200145Ia 4500
008 100415s9999 xx 000 0 und d
082 _b5463
_a595.79(54)
100 _aBingham CT
245 _aThe Fauna of British India including Ceylon and Burma Hymenoptera Vol. I Wasps and Bees
260 _aLONDON
_c1897
_bTAYLOR & FRANCIS
365 _b0
630 _aThe Fauna of British India including Ceylon and Burma Hymenoptera Vol. I Wasps and Bees
730 _aThe Fauna of British India including Ceylon and Burma Hymenoptera Vol. I Wasps and Bees
942 _cBOOK
999 _c588443
_d588440